000 00561nam a2200205Ia 4500
005 20221129142908.0
008 131103s9999 xx 000 0 und d
020 _cRs.20
040 _aLoreto College
041 _aEnglish
082 _a954.19
_bPEM
100 _aPemberton,R.Boileau
245 _aReport on Bootan
_cR.Boileau Pemberton
260 _aCalcutta
_bG.H.Huttmann Bengal Military Orphan Press
_c1961
300 _a111 p.
_b maps
504 _aIncludes bibliographical references
650 _aBootan's Report
850 _aLCLIB
942 _cBK
999 _c10199
_d60678